Tramway de Lille - Statistiques

Statistiques générales
  • Ce quiz a été pris 82 fois
    71 depuis la dernière actualisation
  • Le résultat moyen est 30 sur 45
Statistiques - réponses
Indice Réponse % Correct
R Gare Lille Europe
98%
T Gare Lille Europe
98%
R Gare Lille Flandres
98%
T Gare Lille Flandres
98%
T Tourcoing Centre
92%
R Croisé Laroche
90%
T Croisé Laroche
90%
R Buisson
86%
T Buisson
86%
R Eurotéléport
86%
R Botanique
84%
T Botanique
84%
R Clémenceau Hippodrome
82%
T Clémenceau Hippodrome
82%
R Romarin
80%
T Romarin
80%
R Saint-Maur
80%
T Saint-Maur
80%
T Brossolette
76%
T Château Rouge
69%
R Wasquehal Pavé de Lille
69%
T Foch
67%
T Trois Suisses
67%
T Pont Hydraulique
61%
T Cartelot
59%
T Le Quesne
59%
R Acacias
57%
T Cerisaie Centre d'Affaire
57%
R Villa Cavrois
57%
T Ma Campagne
55%
T Triez
55%
T Victoire
55%
R Brossolette
53%
R Parc Barbieux
53%
T Grand Cottignies
49%
T Faidherbe
47%
R Hôpital Victor Provo
45%
R Jean Moulin
43%
R Bol d'Air
39%
R Le Sart
37%
R Pont de Wasquehal
37%
R Alfred Mongy
35%
R La Terrasse
31%
R Planche Epinoy
27%
R La Marque
22%
Aucun quiz correspondant
Distribution des résultats
% des personnes avec chaque résultat
Percentile par nombre de réponses
Votre historique - résultats
Vous n’avez pas pris ce quiz depuis la dernière actualisation